Psicología de los juegos infantiles

Збережено в:
Бібліографічні деталі
Автор: Chateau, Jean (Автор)
Формат: Книга
Мова:Іспанська
Опубліковано: Buenos Aires Kapelusz 1958
Серія:Biblioteca de cultura pedagógica
Предмети:
Теги: Додати тег
Немає тегів, Будьте першим, хто поставить тег для цього запису!

MARC

LEADER 00000nam a2200000 a 4500
001 UCZ0816
003 CL-VaPUC
008 950809e19580800AG |||||||||||||||||spa|d
082 0 4 |a 790.013  |b CHA  |2 21 
100 |a Chateau, Jean  |e author  |9 357147 
245 1 0 |a Psicología de los juegos infantiles 
300 |a 149 p 
942 |c BK 
945 |d 19950809 00:00:00  |a cmena 
260 |a Buenos Aires  |b Kapelusz  |c 1958 
650 0 |a Juegos infantiles  |9 307365 
650 0 |a Juegos educativos  |9 307366 
650 0 |a Psicología aplicada   |9 270762 
650 0 |a Psicología del niño  |9 307305 
650 7 |a GRUPOS DE JUEGO  |2 CL-VaPUC  |9 338378 
650 7 |a DISCIPLINA  |2 CL-VaPUC  |9 308401 
650 0 |a Actividades de tiempo libre   |9 334349 
650 7 |a JUEGO  |2 CL-VaPUC  |9 311404 
583 |a last modification  |c 19950809 00:00:00  |k Rodrigo Vera 
490 0 |a Biblioteca de cultura pedagógica 
999 |c 237718  |d 237716 
952 |0 0  |1 0  |4 0  |6 790_013000000000000_CHA_1958  |7 0  |8 P  |9 247356  |a BIBEDU  |b BIBEDU  |c BIBEDU_PB  |d 2019-11-18  |i 1555987  |o 790.013 CHA 1958  |p 1555987  |r 2024-01-25  |w 2019-11-18  |y BK  |k EDU 
952 |0 0  |1 0  |4 0  |6 790_013000000000000_CHA_1958  |7 0  |8 P  |9 247357  |a BIBEDU  |b BIBEDU  |c BIBEDU_PB  |d 2019-11-18  |i 1555995  |o 790.013 CHA 1958  |p 1555995  |r 2024-01-25  |w 2019-11-18  |y BK  |k EDU 
952 |0 0  |1 0  |4 0  |6 790_013000000000000_CHA_1958  |7 0  |8 P  |9 247358  |a BIBEDU  |b BIBEDU  |c BIBEDU_PB  |d 2019-11-18  |i 1556002  |o 790.013 CHA 1958  |p 1556002  |r 2024-01-25  |w 2019-11-18  |y BK  |k EDU 
952 |0 0  |1 0  |4 0  |6 790_013000000000000_CHA_1958  |7 0  |8 P  |9 247359  |a BIBEDU  |b BIBEDU  |c BIBEDU_PB  |d 2019-11-18  |i 1556010  |o 790.013 CHA 1958  |p 1556010  |r 2024-01-25  |w 2019-11-18  |y BK  |k EDU 
952 |0 0  |1 0  |4 0  |6 790_013000000000000_CHA_1958  |7 0  |8 P  |9 247360  |a BIBEDU  |b BIBEDU  |c BIBEDU_PB  |d 2019-11-18  |i 1556029  |o 790.013 CHA 1958  |p 1556029  |r 2024-01-25  |w 2019-11-18  |y BK  |k EDU 
952 |0 0  |1 0  |4 0  |6 790_013000000000000_CHA_1958  |7 0  |8 P  |9 247361  |a BIBEDU  |b BIBEDU  |c BIBEDU_PB  |d 2019-11-18  |i 1556037  |o 790.013 CHA 1958  |p 1556037  |r 2024-01-25  |w 2019-11-18  |y BK  |k EDU 
952 |0 0  |1 0  |4 0  |6 790_013000000000000_CHA_1958  |7 0  |8 P  |9 247362  |a BIBEDU  |b BIBEDU  |c BIBEDU_PB  |d 2019-11-18  |i 1556045  |o 790.013 CHA 1958  |p 1556045  |r 2024-01-25  |w 2019-11-18  |y BK  |k EDU